Quizzes
Events
Quiz Creation
Community
Videos
Private Events
Remove Ads
Sign In
Join for FREE
Feedback
Dark Mode
Quiz Categories
Sports
Geography
Music
Movies
Television
Just For Fun
Miscellaneous
History
Literature
Language
Science
Gaming
Entertainment
Religion
Holiday
For Kids
Quiz Lab
Recent
Popular Today
Quiz Kudos Today
Editor Picks
Curator Picks
Quizzes by...
Day
Popularity
Type
Ratings
Length
Year
Community
Subscriptions
Recent Discussions
Orange Saloon
Badges
Playlists
Quests
Create
Leaderboards
Showdown
Live 5
Trivia Bingo
Activity
Puzzle Library
Sporcle Events
Private Events
Virtual Trivia
Globe League
Become a Host
Pub Owners
SporcleCon
Opinionation
Our Games
Videos
Blog
Mobile Apps
Partnerships
Remove Ads and Go Orange
Feedback
Television
TV Characters
TV Show
Sitcom
Network
Friends
Reality Shows
Cast
South Park
Star Trek
The Simpsons
Doctor Who
Television
TV Characters
TV Show
Sitcom
Network
Friends
Reality Shows
Cast
South Park
Star Trek
The Simpsons
Doctor Who
Random Quiz
Search Sporcle
×
Quiz Lab
Quiz Lab
Television
Click on answers out of a set of options
Click on answers out of a set of options
Multiple Choice
Best Score? Go Orange.
TheWhiteQueen Stats
Can you choose the TheWhiteQueen?
By
Teamdamon101
10m
12 Questions
9 Plays
9 Plays
9 Plays
Comments
Comments
Give Quiz Kudos
Give Quiz Kudos
-
- Ratings
hide this ad
More Info
Random Order
Randomize order of answers
Randomize order of answers
Replay
Link that replays current quiz
Next Quiz
Link to next quiz in quiz playlist
You Got
0%
They Got
Avg Score
73%
Avg Friend Score
Upgrade to see
Score Distribution
Jump to the score distribution portion of the page
Score
0/12
Timer
10:00
0
Plays Today
Question
Answer
Wrong Answers
What crime was Elizabeth Woodville accused of on many occasions?
witchcraft
88.9%
murder
0%
magic
0%
poison
0%
How many children did Elizabeth have from a previous marraige?
2
77.8%
6
11.1%
10
0%
12
11.1%
How old was King Edward of York when he saw Elizabeth on the edge of the road?
22
77.8%
25
0%
30
0%
45
0%
How many sons of York were there?
3
77.8%
6
0%
12
11.1%
16
0%
Who was King of England before Edward?
Henry of Lancaster
77.8%
Henry Tudor
0%
Elizabeth Tudor
0%
Mary Tudor
0%
Which of Elizabeth and Edwards daughters became queen of England?
Elizabeth
77.8%
Cecily
11.1%
Anne
0%
Catherine
0%
How many daughters did Elizabeth and Edward have?
6
77.8%
16
0%
90
0%
18
11.1%
What did Elizabeths mother call there gift of 'predicting the future' ?
The sight
66.7%
A seer
11.1%
Twilight
0%
The Hunger Games
0%
How many of Elizabeth Woodvilles sons were princes of York?
2
66.7%
13
22.2%
11
0%
22
0%
How many siblings did Elizabeth Woodville have?
13
66.7%
15
0%
22
11.1%
45
0%
Who believed that her son was destined to become King of England from his birth?
Margaret Beaufort
66.7%
Margaret of d'Anjou
0%
Elizabeth Woodville
11.1%
Jacqetta Woodville
0%
How did King Henry of Lancaster die?
Edward and his brothers smuggled him
55.6%
Elizabeth poisoned him
11.1%
Catherine de Medici killed him
0%
he died of illness
11.1%
Quiz Playlist
Details
Report
Send in Message
Add To Playlist
More Info:
As you play this quiz you will learn the ins and outs of The White Queen tv show.
Multiple Choice:
Click on answers out of a set of options
Random Order:
Randomize order of answers
Last Updated: May 4, 2017
Quiz Scoreboard
CHALLENGE
Sign Up to Join the Scoreboard
Show All
Scores
Hide
Comments
May contain spoilers
Recently Published
College Basketball Coaching Resumes
by pancakes188
Sports
9m
Billboard Blitz: Fleetwood Mac
by CooCooCachoo
Music
15s
Presidents Visiting Landmarks
by Hejman
History
7m
More to Explore
Quiz From the Vault
Featured Blog Post
Where Did the Easter Bunny Come From?
hide this ad
You Might Also Like...
Tags
This quiz does not have any tags.
Today's Top Quizzes in Television
Browse Television
hide this ad
Top Contributed Quizzes in Television
1
5-to-1: The Simpsons Families
2
5-to-1: Television Doctors
3
7-to-1: TV Show Settings
4
5-to-1: Streaming Originals
5
One Piece Logic Puzzle
6
Survivor Seasons
7
Survivor Logic Puzzle: Heroes vs. Villains
8
All US Survivor Seasons in Order
9
TV Shows by First Names
10
Survivor Season by Logo
Explore More
Trending Topics
NBA
Crossword
Marvel
Anime
Kpop
Disney
Harry Potter
NFL
The Office
Soccer
Country
Puzzle
Pokémon
WWE
Song
hide this ad
More By:
Teamdamon101
Quiz
Plays
Rating
Category
Featured
Created
The Vampire Diaries
7,625
2.25
Television
May 5, 2017
TheWhiteQueen
9
Television
May 4, 2017
Go to Creator's Profile
Score Distribution
Quiz Creator Spotlight
Teamdamon101
Follow
Send a Message
Quizzes Created
-
Created Quiz Play Count
-
More By This Creator
Popular Quizzes Today
1
Find the US States - No Outlines Minefield
2
Find the Countries of Europe - No Outlines Minefield
3
The Countries of the World
4
Find the US States
5
Risky Map Clicking: Biggest States A-Z
6
US States
7
Popular People in 1961
8
Movies - When Are They Set?
More Television Quizzes
'#' TV Shows by Picture
Published
Trending Quizzes
Risky Map Clicking: Least Populous States A-Z
1-10 Letter G Words
1-10 Letter F Words
Risky Map Clicking: Next State Alphabetically
Click the Washington State Counties! (Map)
Recently Updated
Leaping Animals
pecheneg
Reality TV Shows (A-Z)
bhenderson79
Rickey Henderson's Hall of Fame Teammates
pecheneg
Champions League XIs: Arsenal
pecheneg
Quick Pick: Celebrities in WWE's Hall of Fame
aduchscher
A-Z Keypad Blitz II
pecheneg
Multiple Oscar Actors
pecheneg
Mystery Phrase Blitz: Oscar 'Best Actors'
pecheneg
F. Scott Fitzgerald Novels
LTH
Pick 3 Villains
ddd62291
Trending Topics
Harry Potter
Kpop
Crossword
NBA
Disney
Anime
Marvel
Puzzle
Pokémon
Song
NFL
Soccer
The Office
WWE
Country
Your Account Isn't Verified!
In order to create a playlist on Sporcle, you need to verify the email address you used during registration. Go to your
Sporcle Settings
to finish the process.
Report this User
Report this user for behavior that violates our
Community Guidelines
.
Details:
Send Report
Go to the Sporcle.com Mobile Site →
Comments